000 00360nam a22001217a 4500
999 _c18322
_d18322
008 200722b xxu||||| |||| 00| 0 eng d
020 _a0198748304
050 _aKZ6385
_b.O94 2014 c.1
245 _aThe Oxford handbook of international Law in Armed Conflict
_cEdited by ANdrew Clapham
260 _aUK
_bOUP
_c2014
300 _alxxxiv, 909p.
942 _2lcc
_cBK